00626nam a2200181 a 450000100060000000300090000600800410001504000280005608200160008410000250010024501230012526000410024830000110028965000400030065000320034065000400037265000320041215880CO-ViMGA141112s2004 ck r 000 u spa d aCO-ViMGAbspacCO-ViMGA04a347.6 C151a1 aCamargo, Pedro Pablo10aLa acción de Tutela : bTexto y comentarios - Pactos, protocolos y convenciones internacionales de derechos humanos. aBogotá, cJurídica Radar, c1992 a272.p.14aACCION DE TUTELA - América LATINA14aACCION DE TUTELA - COLOMBIA14aDERECHOS CIVILES - América LATINA14aDERECHOS CIVILES - COLOMBIA